Robbins & Cotran Review of Pathology / (Record no. 33913)

MARC details
000 -LEADER
fixed length control field 00561nam a22001937a 4500
005 - DATE AND TIME OF LATEST TRANSACTION
control field 20240129123033.0
008 - FIXED-LENGTH DATA ELEMENTS--GENERAL INFORMATION
fixed length control field 231016b |||||||| |||| 00| 0 eng d
020 ## - INTERNATIONAL STANDARD BOOK NUMBER
ISBN 9780323640220
082 ## - DEWEY DECIMAL CLASSIFICATION NUMBER
Classification number 616.070
Item number KLA-R
100 ## - MAIN ENTRY--AUTHOR
Author Name Klatt, Edward. C
245 ## - TITLE STATEMENT
Title Robbins & Cotran Review of Pathology /
Statement of responsibility, etc. Edward C. Klatt, Vinay Kumar.
250 ## - EDITION STATEMENT
Edition statement 5th ed.
260 ## - PUBLICATION, DISTRIBUTION, ETC.
Place of Publication Canada:
Name of publisher, distributor, etc. Elsevier;
Date of publication, distribution, etc. 2022.
300 ## - PHYSICAL DESCRIPTION
Pages xiv , 472 p. :
500 ## - GENERAL NOTE
General note Printed in Pakistan,Include Index.
650 ## - SUBJECT ADDED ENTRY--TOPICAL TERM
Subject / Department Dentistry/Medical
700 ## - ADDED ENTRY--PERSONAL NAME
Personal name Vinay,Kumar
300 ## - PHYSICAL DESCRIPTION
-- ill,
-- 25 cm.
952 ## - LOCATION AND ITEM INFORMATION (KOHA)
-- 0
-- 0
952 ## - LOCATION AND ITEM INFORMATION (KOHA)
-- 0
-- 0
952 ## - LOCATION AND ITEM INFORMATION (KOHA)
-- 0
-- 0
Holdings
Lost status Damaged status Collection code Permanent Location Current Location Shelving Location Date acquired Full Call Number Accession No./Barcode Date last seen Copy number
    Medical Superior Information Resource Center (SIRC) Superior University- Central Library Superior Information Resource Center (SIRC) Superior University- Central Library Dentistry 10/16/2023 616.070 KLA-R 2022 20843 10/16/2023 1
    Medical Superior Information Resource Center (SIRC) Superior University- Central Library Superior Information Resource Center (SIRC) Superior University- Central Library Dentistry 10/16/2023 616.070 KLA-R 2022 20844 10/16/2023 2
    Medical Superior Information Resource Center (SIRC) Superior University- Central Library Superior Information Resource Center (SIRC) Superior University- Central Library Dentistry 10/16/2023 616.070 KLA-R 2022 20845 10/16/2023 3

Powered by Koha